Регионална библиотека "Любен Каравелов" - Русе

Мизансцен (Запис номер 94843)

MARC детайли
000 -Лидер
Контролно поле с фиксирана дължина nam a22 a 4500
003 - Код на организацията, давaща контролен номер
Контролно поле BLK
005 - Дата и час на последна редакция
Контролно поле 20230327140142.0
008 - Елементи от данни с фиксирана дължина
fixed length control field 180408b bul|||||r ||||||| ||bul||
010 ## - Наследен системен номер
LC control number KNG00099672000
040 ## - Източник на каталожния запис
Идентификатор на билиотеката - собственик на записа BLK
041 ## - Код за език
Код за езика на текст/звукозапис или на отделно заглавие Български
Код за езика КДБФ Български
080 ## - УДК
Текстов определител УДК Театър. Сценично изкуство. Вж 725.82; 782; 82-2
УДК код - определител по УДК 792
УДК - код + определител 792
100 1# - Редна дума - Автор
Автор Михайлов, Анастас
Авторска отговорност първи автор
R(LIN) 269833
139 ## - Редно поле
Редна дума Михайлов, Анастас
Авторски знак Михаи - М 74
245 10 - Сведения за заглавието
Заглавие Мизансцен
Редно поле (дума) Анастас Михайлов.
257 ## - Страна на издаване
Страна на създаване/издаване България
260 ## - Област на издателските данни
Място на издаване, разпространение и проч. София
Име на издателя, разпространителя и проч. Наука и изкуство
Година на издаване 1961
300 ## - Физическа характеристика
Страници 256 с., 4 л.
Илюстрации и др. ил.
Размери/Мащаб 20 см
380 ## - Жанр
Жанр Изкуство
650 #4 - Допълнително описание по предмет – тема
Основно описание – тема или топоним Театър
9 (RLIN) 173254
650 #4 - Допълнително описание по предмет – тема
Основно описание – тема или топоним Актьорско майсторство
9 (RLIN) 257274
653 ## - Ключова дума – ненормативна
Ключова дума театър
653 ## - Ключова дума – ненормативна
Ключова дума мизансцен
653 ## - Ключова дума – ненормативна
Ключова дума актьорско майсторство
852 ## - Местоположение
Форматна сигнатура Цб 20151
Фондова буква Хранилище
856 4# - Електронен адрес и достъп
Електронен формат pdf - файл
856 4# - Електронен адрес и достъп
Електронен формат pdf - файл
999 ## - СИСТЕМНИ КОНТРОЛНИ НОМЕРА
Koha biblionumber 94843
Koha biblioitemnumber 94843
942 ## - АРТИКУЛИ
Вид на библиотечния материал Книги
Скрит в OPAC Не
Периодичен библиозапис Да
Koha issues (borrowed), all copies 1
944 ## - СЪЗДАВАНЕ И РЕДАКЦИЯ на ЗАПИСА
Създаване/Редакция Създаване
Дата на регистрацията/редакция 18.02.2011
Статус, дата на статуса добави в АБ / 17.02.2011
Служител, извършил регистрацията/редакцията Наталия_Любомирова
944 ## - СЪЗДАВАНЕ И РЕДАКЦИЯ на ЗАПИСА
Създаване/Редакция Редакция
Дата на регистрацията/редакция 18.02.2011
Статус, дата на статуса добави в АБ / 17.02.2011
999 ## - СИСТЕМНИ КОНТРОЛНИ НОМЕРА
Koha biblioitemnumber 94843
Наличности
Код за отписване Код за изгубен артикул Източник на класификационната схема Код за повреда Коз за рестрикции Код за отдаване Артикулен № Име на библиотеката - собственик Име на библиотеката, в която се намира в момента Статус (Текущо местоположение) Дата на вписване в системата Местоположение - отдел Цена в лева Инвентарен номер Систематично азбучна сигнатура Баркод Номер на екземпляра Цена в евро Служебна бележка Служебен тип на артикула
Изтеглен Не е изгубен Universal Decimal Classification Не е повреден без рестрикции заемане за дома 152124 Регионална библиотека "Любен Каравелов" Русе Регионална библиотека "Любен Каравелов" Русе Отдел Изкуство - подръчен фонд 1961-01-01 Отдел Изкуство - подръчен фонд 1.05 12224/61 792/М 74 12224/61 1 0.54 N: стар фонд Дата: 01.01.1961 Дата инв: 18.06.2012 Бележки инв: * Книги
  Не е изгубен Universal Decimal Classification Не е повреден само за читалня ползва се в читалня 756094 Регионална библиотека "Любен Каравелов" Русе Регионална библиотека "Любен Каравелов" Русе Хранилище 2020-03-04 Хранилище 1.05 11575/61 Цб 20151 900000087252   0.54   Книги
Vip Innovations Ltd, Rousse, Bulgaria 2025